000 00524nam a2200181Ia 4500
005 20250508153030.0
008 008 250505s9999 xx 000 0 eng d
037 _aBooks to be hide in OPAC
040 _aFEDL
_beng
_cFEDL
041 _aeng
_2eng
084 _a370, NEI/O
_qFEDL
100 _aNeill A S
_9472862
245 0 _aSummerhill : A radical approach to education
260 _aLondon, UK
_bVictor Gollancz Ltd.
_c1961
300 _axx,392P.
942 _cHB
_h370, NEI/O
999 _c1340267
_d1340267